كتاب الاربعين في اصول الدين

Bibliographic Details
Main Author: غزالي , 1058-1111 (Author)
Format: Book
Published: Bayrut : Dar al-Jil , 1988
Subjects:

MARC

LEADER 00000cam a2200000 7i4500
001 0000041513
005 20091015093000.0
090 0 0 |a BP166   |b .G421 1988 
100 0 |a غزالي ,   |d 1058-1111 ,   |e author 
245 1 0 |a كتاب الاربعين في اصول الدين   |c الامام الغزالي 
260 2 |a Bayrut :   |b Dar al-Jil ,   |c 1988 
300 |a 240 p. ;   |c 24 cm. 
650 0 |a Islam   |x Doctrines 
745 0 0 |a Kitab al-arbain fi usul al-din 
999 |a 1000078131   |b Book   |c OPEN SHELF (30 DAYS)   |e Gong Badak Campus